| 000 | 00000nas 2200000za 4500 |
| 001 | 9.506550 |
| 003 | CaOODSP |
| 005 | 20251126085737 |
| 007 | cr ||||||||||| |
| 008 | 150406c19999999oncar p o f0 a0eng|d |
| 022 | |a1701-2732 |
| 040 | |aCaOODSP|beng |
| 043 | |an-cn--- |
| 086 | 1 |aCC530E-PDF |
| 110 | 2 |aFederal Bridge Corporation (Canada) |
| 210 | 0 |aAnnu. rep. - Fed. Bridge Corp. Ltd. |b(Ott., Online) |
| 222 | 0|aAnnual report - Federal Bridge Corporation Limited |b(Ottawa. Online) |
| 240 | 10|aAnnual report (Online) |
| 245 | 10|aAnnual report |h[electronic resource]. |
| 260 | |a[Ottawa] : |bFederal Bridge Corporation Limited, |c[1999]- |
| 310 | |aAnnual |
| 362 | 1 |aBegan with 1998/1999. |
| 500 | |aIssued also in French under title : Rapport annuel / La Société des ponts fédéraux Limitée. |
| 500 | |aSome issues have distinct titles. |
| 500 | |aIncludes information for the Jacques Cartier and Champlain Bridges Incorporated (2000/2001-2012/2013), the Seaway International Bridge Corporation, Ltd., the St Mary's River Bridge Company. |
| 692 | 07|2gccst|aAnnual reports |
| 692 | 07|2gccst|aConstruction industry |
| 692 | 07|2gccst|aBridges |
| 775 | 08|tRapport annuel |w(CaOODSP)9.502946 |
| 780 | 00|tAnnual report |w(CaOODSP)9.506284 |